Tribhuvan University Central Library

Crateive encountgers in classroom (Record no. 58584)

MARC details
000 -LEADER
fixed length control field 00562 a2200205 4500
041 ## - LANGUAGE CODE
Language code of text/sound track or separate title Eng
082 ## - DEWEY DECIMAL CLASSIFICATION NUMBER
Classification number 373
Item number M385c
100 ## - MAIN ENTRY--PERSONAL NAME
Personal name Massialas, Byron George
9 (RLIN) 18669
100 ## - MAIN ENTRY--PERSONAL NAME
Personal name Zevin, Jack
9 (RLIN) 18670
245 ## - TITLE STATEMENT
Title Crateive encountgers in classroom
Remainder of title reaching and learning through discovery
260 ## - PUBLICATION, DISTRIBUTION, ETC.
Place of publication, distribution, etc. New York
Name of publisher, distributor, etc. Wiley
Date of publication, distribution, etc. 1967
300 ## - PHYSICAL DESCRIPTION
Extent x, 274p.
504 ## - BIBLIOGRAPHY, ETC. NOTE
Bibliography, etc. note Bibliography:p. 267-269
650 ## - SUBJECT ADDED ENTRY--TOPICAL TERM
Topical term or geographic name entry element Creative thinking
9 (RLIN) 11430
650 ## - SUBJECT ADDED ENTRY--TOPICAL TERM
Topical term or geographic name entry element Classrooms
9 (RLIN) 17382
650 ## - SUBJECT ADDED ENTRY--TOPICAL TERM
Topical term or geographic name entry element Learning
9 (RLIN) 552
653 ## - INDEX TERM--UNCONTROLLED
Uncontrolled term Education
942 ## - ADDED ENTRY ELEMENTS (KOHA)
Source of classification or shelving scheme Dewey Decimal Classification
Koha item type General Collections
518 ## - DATE/TIME AND PLACE OF AN EVENT NOTE
-- 2067-11-6
Holdings
Withdrawn status Lost status Source of classification or shelving scheme Damaged status Not for loan Home library Current library Date acquired Total Checkouts Full call number Barcode Date last seen Price effective from Koha item type
    Dewey Decimal Classification     Tribhuvan University Central Library Tribhuvan University Central Library 02/18/2011   373 M385c 42959 02/18/2011 02/18/2011 General Collections